Data structure of regional transport forecast model
Štvorkrokový predpovedný model dopravy vyžaduje jedinečnú formu vstupných dát. Získavanie a analýza procesu získavania dostupných údajov pre slovenské regióny. Implementácia existujúcich údajov do výpočtu dopravných prognóz a nastavenie matematických a behaviorálnych výpočtových parametrov.
Salvato in:
| Autore principale: | |
|---|---|
| Altri autori: | , |
| Natura: | Capitolo di libro |
| Lingua: | inglese |
| Soggetti: | |
| Tags: |
Nessun Tag, puoi essere il primo ad aggiungerne!!
|
MARC
| LEADER | 00000naa a2200000 4500 | ||
|---|---|---|---|
| 001 | 0229492 | ||
| 005 | 20220715120516.3 | ||
| 041 | 0 | |a eng | |
| 044 | |a SK | ||
| 245 | 1 | 0 | |a Data structure of regional transport forecast model |c Jan Celko, Marek Drliciak, Igor Ripka |
| 520 | |a Štvorkrokový predpovedný model dopravy vyžaduje jedinečnú formu vstupných dát. Získavanie a analýza procesu získavania dostupných údajov pre slovenské regióny. Implementácia existujúcich údajov do výpočtu dopravných prognóz a nastavenie matematických a behaviorálnych výpočtových parametrov. | ||
| 610 | 2 | 0 | |a doprava |
| 610 | 2 | 0 | |a regióny |
| 610 | 2 | 0 | |a štruktúra dát |
| 610 | 2 | 0 | |a zber dát |
| 610 | 2 | 0 | |a dáta |
| 610 | 2 | 0 | |a modely |
| 610 | 2 | 0 | |a modely prognostické |
| 610 | 2 | 0 | |a modelovanie |
| 610 | 2 | 0 | |a prognózy |
| 610 | 2 | 0 | |a prognózovanie |
| 610 | 2 | 0 | |a plánovanie |
| 610 | 2 | 0 | |a Slovensko |
| 100 | 1 | |a Čelko, Ján | |
| 700 | 1 | |a Drličiak, Marek | |
| 700 | 1 | |a Ripka, Igor | |